Comedias completas

Saved in:
Bibliografiske detaljer
Hovedforfatter: Terencio Afro, Publio (Author)
Format: Bog
Sprog:spansk
Udgivet: Buenos Aires Colihue 2007
Udgivelse:1a. ed
Serier:Colihue Clásica
Fag:
Tags: Tilføj Tag
Ingen Tags, Vær først til at tagge denne postø!

MARC

LEADER 00000nam a2200000 a 4500
001 UCI8992
003 CL-VaPUC
008 081016e20070000AG |||||||||||||||||spa|d
020 |a 9789505630257 
082 0 4 |a 872  |b TER  |2 21 
100 0 |a Terencio Afro, Publio  |e author  |9 532660 
245 1 0 |a Comedias completas 
250 |a 1a. ed 
300 |a 408 p 
942 |c BK 
945 |d 20081016 00:00:00  |a jtorresc 
260 |a Buenos Aires  |b Colihue  |c 2007 
650 0 |a Literatura latina   |9 258055 
650 7 |a COMEDIAS LATINAS  |2 CL-VaPUC  |9 265079 
583 |a last modification  |c 20120119 09:03:08  |k Rodrigo Vera 
490 0 |a Colihue Clásica 
999 |c 331702  |d 331700 
952 |0 0  |1 0  |4 0  |6 872_000000000000000_TER_2007  |7 0  |8 A  |9 418727  |a BIBHIS  |b BIBHIS  |d 2019-11-22  |i 4488814  |o 872 TER 2007  |p 4488814  |r 2025-01-20  |w 2019-11-22  |y BK  |k HIS